Every Song by the Anniversary - Statistics

General Stats
  • This quiz has been taken 2 times
  • The average score is 4 of 49
Answer Stats
Album Song % Correct
The Anniversary(1998) Alright for Now
100%
Designing a Nervous Breakdown(2000) All Things Ordinary
50%
Designing a Nervous Breakdown(2000) Emma Discovery
50%
Designing a Nervous Breakdown(2000) Shu Shubat
50%
Designing a Nervous Breakdown(2000) The D in Detroit
50%
Designing a Nervous Breakdown(2000) The Heart Is a Lonely Hunter
50%
Central Standard Time / Vasil + Bluey Split(1999) Vasil + Bluey
50%
Devil on Our Side: B-Sides & Rarities(2008) 100 Ships
0%
Devil on Our Side: B-Sides & Rarities(2008) Ain't That Bad
0%
Devil on Our Side: B-Sides & Rarities(2008) Alone in Debtford
0%
The Anniversary / Superdrag Split(2001) Anaïs
0%
Devil on Our Side: B-Sides & Rarities(2008) Che
0%
Your Majesty(2002) Crooked Crown
0%
Your Majesty(2002) Devil on My Side
0%
Devil on Our Side: B-Sides & Rarities(2008) Diamonds and Daisies
0%
The Anniversary(1998) Fletcher Durbin
0%
Your Majesty(2002) Follow the Sun
0%
Designing a Nervous Breakdown(2000) Hart Crane
0%
Devil on Our Side: B-Sides & Rarities(2008) High School Talent Show
0%
Alright for Now(2000) Hold Me Tonight
0%
Your Majesty(2002) Husam Husam
0%
Devil on Our Side: B-Sides & Rarities(2008) I Believe That the End of the Reign of Terror Is Soon Near
0%
Devil on Our Side: B-Sides & Rarities(2008) I Haven't Slept
0%
Devil on Our Side: B-Sides & Rarities(2008) I Know What's Best
0%
Devil on Our Side: B-Sides & Rarities(2008) Kali
0%
Devil on Our Side: B-Sides & Rarities(2008) Kids in Carolina
0%
Devil on Our Side: B-Sides & Rarities(2008) Let It Slip
0%
Devil on Our Side: B-Sides & Rarities(2008) Lodi
0%
Devil on Our Side: B-Sides & Rarities(2008) Lover
0%
The Anniversary(1998) Lowtide
0%
Your Majesty(2002) Never Die Young
0%
The Anniversary / Superdrag Split(2001) O'Lady Butterfly
0%
Designing a Nervous Breakdown(2000) Outro in No Minor
0%
Your Majesty(2002) Peace, Pain & Regret
0%
Designing a Nervous Breakdown(2000) Perfectly
0%
Devil on Our Side: B-Sides & Rarities(2008) Spring Break
0%
Your Majesty(2002) Sweet Marie
0%
Non-Album(2001) That's My Name? My Name Is... What?! What?!
0%
Your Majesty(2002) The Death of the King
0%
Your Majesty(2002) The Ghost of the River
0%
Your Majesty(2002) The Siren Sings
0%
Devil on Our Side: B-Sides & Rarities(2008) Those Eyes
0%
Designing a Nervous Breakdown(2000) Till We Earned a Holiday
0%
Devil on Our Side: B-Sides & Rarities(2008) Till We Earned a Holiday
0%
The Anniversary / Hot Rod Circuit Split(2002) To Never Die Young
0%
Non-Album(2001) Tu-Whit To-Whoo
0%
Your Majesty(2002) Tu-Whitt Tu-Whoo
0%
The Anniversary / Superdrag Split(2001) Up in the Sky
0%
Designing a Nervous Breakdown(2000) Without Panasos
0%
No matching quizzes found
Score Distribution
Percent of People with Each Score
Percentile by Number Answered
Your Score History
You have not taken this quiz